00798nam a22001457a 4500008004100000050002000041100002200061245003900083260003300122300003600155500002200191505038700213650002200600650003000622120720s1983 mx a 000 0 spa d aQH325bO73 19831 aOparin, A.eautor13aEl origen de la vidac / A. Oparin aMéxicob : Épocac, 1983 a111 páginasb : ilustraciones aIncluye: índice aLa lucha del materialismo contra el idealismo y la religión en torno al apasionante y discutido problema del origen de la vida Origen primitivo de las substancias orgánicas más simples: los hidrocarburos y sus derivados Origen de las proteínas primitivas Origen de las primitivas formaciones coloidales Organización del protoplasma vivo Origen de los organismos primitivos 0aORIGEN DE LA VIDA 0aPROPIEDADES DE LA MATERIA